|
|
|
|
| LEADER |
00000nab#a22000007a#4500 |
| 001 |
arbauad029165 |
| 003 |
AR-BaUAD |
| 005 |
20250711112349.0 |
| 008 |
971114|||||||||###||||||b###|0###a|spa|| |
| 040 |
|
|
|a AR-BaUAD
|c AR-BaUAD
|b spa
|
| 100 |
|
|
|a Ravaioli, Laura
|
| 245 |
|
|
|a Momenti di relax /
|c Laura Ravaioli;
|
| 300 |
0 |
|
|b fot.
|
| 653 |
|
|
|a ITALIA
|
| 653 |
|
|
|a MUEBLES
|
| 653 |
|
|
|a SILLONES
|
| 653 |
|
|
|a DIVANES
|
| 653 |
|
|
|a REPOSERAS
|
| 653 |
|
|
|a CAMAS
|
| 653 |
|
|
|a SOFACAMAS
|
| 653 |
|
|
|a DISEÑO INDUSTRIAL
|
| 773 |
0 |
|
|t INTERNI
|g no. 450 [mayo 1995], p. 161-165
|
| 942 |
|
|
|c ARTI
|
| 952 |
|
|
|0 0
|1 0
|4 0
|7 0
|9 74084
|a AR-BAuAD
|b AR-BAuAD
|d 2025-07-11
|l 0
|p AAQA029165
|r 2025-07-11 11:23:49
|w 2025-07-11
|y ARTI
|
| 990 |
|
|
|a DI199
|b TD
|
| 998 |
|
|
|a AAQ
|b BIBUN76
|
| 999 |
|
|
|c 53757
|d 53757
|